| 000 | 00434nam a22001577a 4500 | ||
|---|---|---|---|
| 005 | 20260225155026.0 | ||
| 008 | 260225b |||||||| |||| 00| 0 eng d | ||
| 020 | _a978-184590941-3 | ||
| 050 |
_aLB 1025.3 .T69 2015 _b1 |
||
| 100 | _aGARY TOWARD | ||
| 245 | _aTHE ART OF BEING A BRILIANT TEACHER | ||
| 260 |
_aBANCYFELIN _bCROWN HOUSE PUBLISHING _c2015 |
||
| 300 | _a I,216P | ||
| 650 | _aTEACHER EFFECTIVENESS | ||
| 942 |
_2lcc _cREF |
||
| 999 |
_c216672 _d216672 |
||